[Event "Saint Denis op"]
[Site "Saint Denis"]
[Date "2022.10.13"]
[Round "8"]
[White "Cavillot Delestage, Raphael"]
[Black "Rosamel, Manua"]
[Result "0-1"]
[WhiteElo "1155"]
[BlackElo "1319"]
[PlyCount "116"]
[EventDate "2022.10.13"]
[EventType "swiss"]
[EventRounds "9"]
[EventCountry "RUF"]
[SourceTitle "EXT 2024"]
[Source "ChessBase"]
[SourceDate "2023.10.10"]
[SourceVersion "1"]
[SourceVersionDate "2023.10.10"]
[SourceQuality "1"]

1. Nf3 d5 2. g3 Nf6 3. Bg2 g6 4. d3 Bg7 5. c3 0-0 6. 0-0 c5 7. Nbd2 b6 8. Qc2 Nc6 9. e4 dxe4 10. Nxe4 Nxe4 11. dxe4 Ba6 12. Re1 Qc7 13. Bg5 h6 14. Be3 Rfd8 15. Rad1 Na5 16. e5 Rxd1 17. Rxd1 Rd8 18. Rxd8+ Qxd8 19. h4 Nc4 20. Bf4 Bb7 21. e6 f5 22. h5 g5 23. Bc1 Be4 24. Qe2 Qd5 25. Ne1 Bxg2 26. Nxg2 Ne5 27. a3 Qd3 28. Kf1 Qxe2+ 29. Kxe2 Nc4 30. Ne3 Nxe3 31. Bxe3 Be5 32. f4 gxf4 33. Bxf4 Bxf4 34. gxf4 Kg7 35. Kd3 Kf6 36. b4 Kxe6 37. c4 Kd6 38. b5 e6 39. a4 e5 40. Ke3 exf4+ 41. Kxf4 Ke6 42. Kf3 Ke5 43. Ke3 f4+ 44. Kf3 Kf5 45. Kf2 Kg4 46. Kg2 Kxh5 47. Kf3 Kg5 48. Ke4 Kg4 49. Kd5 f3 50. Kc6 f2 51. Kb7 f1Q 52. Kxa7 Qxc4 53. Kxb6 Qxa4 54. Kxc5 Qxb5+ 55. Kxb5 h5 56. Kc4 h4 57. Kd3 Kg3 58. Ke2 Kg2 0-1

[Event "St Denis op 21st"]
[Site "St Denis"]
[Date "2019.10.20"]
[Round "5"]
[White "Erudel, Irina"]
[Black "Cavillot Delestage, Raphael"]
[Result "0-1"]
[WhiteElo "1009"]
[BlackElo "1056"]
[PlyCount "45"]
[EventDate "2019.10.20"]
[EventType "swiss"]
[EventRounds "9"]
[EventCountry "RUF"]
[SourceTitle "CBM 192 Extra"]
[Source "Chessbase"]
[SourceDate "2019.11.06"]
[SourceVersion "1"]
[SourceVersionDate "2019.11.06"]
[SourceQuality "1"]

1. e4 e5 2. Nf3 Nc6 3. Nc3 Bb4 4. a3 Ba5 5. Bc4 Nf6 6. 0-0 Bxc3 7. bxc3 Nxe4 8. d3 Nxc3 9. Qd2 Na4 10. Bb5 Nc5 11. Rb1 0-0 12. Re1 d6 13. Bc4 Qf6 14. c3 Qg6 15. g3 Bh3 16. Nh4 Qf6 17. Rxb7 Nxb7 18. Bd5 h6 19. Re3 Rab8 20. Rf3 Qe7 21. d4 exd4 22. cxd4 Nxd4 23. Qxd4 0-1

[Event "Reunion op 20th"]
[Site "St Denis"]
[Date "2018.10.18"]
[Round "6"]
[White "Erudel, Irina"]
[Black "Cavillot Delestage, Raphael"]
[Result "0-1"]
[WhiteElo "1009"]
[BlackElo "1009"]
[PlyCount "78"]
[EventDate "2018.10.14"]
[EventType "swiss"]
[EventRounds "9"]
[EventCountry "RUF"]
[SourceTitle "CBM 187 Extra"]
[Source "ChessBase"]
[SourceDate "2018.11.04"]
[SourceVersion "1"]
[SourceVersionDate "2018.11.04"]
[SourceQuality "1"]

1. e4 e5 2. Nf3 Nc6 3. Bc4 Bc5 4. Ng5 Qxg5 5. 0-0 Qd8 6. Nc3 Nf6 7. d3 0-0 8. Bg5 d6 9. Nb5 Bg4 10. Qc1 a6 11. Nc3 h6 12. Bh4 b5 13. Bb3 Nd4 14. Na4 Ne2+ 15. Kh1 Nxc1 16. Raxc1 bxa4 17. Bxa4 Qb8 18. Bb3 g5 19. Bg3 Nh5 20. d4 Nxg3+ 21. hxg3 Bxd4 22. c3 Bc5 23. Rb1 Be2 24. Bd5 Bxf1 25. Rxf1 c6 26. Bxc6 Ra7 27. Bd5 Qb6 28. f4 gxf4 29. gxf4 exf4 30. Rxf4 Be3 31. Rg4+ Bg5 32. e5 dxe5 33. Re4 Qxb2 34. Rd4 exd4 35. g3 Qc1+ 36. Kh2 Qc2+ 37. Bg2 Rb7 38. cxd4 Rb2 39. d5 Qxg2# 0-1